000 00483nam a2200193Ia 4500
003 GCL
008 140319s9999 xx 000 0 eng d
040 _aGCL /
_cGCL
082 0 4 _a823
_bR W
100 1 _aROTH, PHILIP
245 1 0 _aWHEN SHE WAS GOOD /
_cROTH, PHILIP
260 _a[S.N] :
_bA NATIONL GENERAL COMAPNY ،
_c1970
300 _a308 P
650 0 4 _aENGLISH LITERATURE
650 0 4 _aLITERATURE
650 0 4 _aENGLISH FICTION
650 0 4 _aFICTION
942 _2ddc
_cBK
999 _c15280
_d15280